| 000 | 00397nam a2200157 a 4500 | ||
|---|---|---|---|
| 001 | 2866 | ||
| 003 | CDMR | ||
| 005 | 20130305180205.0 | ||
| 008 | 130130s2004||||||||||||||||||||||||||||d | ||
| 020 | _a849561653X | ||
| 040 |
_aCDMR _bcat _cCDMR |
||
| 100 | 1 |
_aPernau, Josep _9544 |
|
| 245 | 1 | 0 |
_aMemòries _b: d'Arbeca a l'Opus Mei _cJosep Pernau |
| 260 |
_aBarcelona _c2004 _bLa Campana |
||
| 942 |
_cMON _2udc |
||
| 999 |
_c2866 _d2866 |
||